| 000 | 00841cam a22002415a 4500 | ||
|---|---|---|---|
| 001 | 17114585 | ||
| 005 | 20170105150031.0 | ||
| 008 | 120110t2012 maua frbf 001 0 eng d | ||
| 020 | _a9780123978042 | ||
| 040 |
_aDLC _beng _cDLC _dYDX _dBTCTA _dYDXCP _dDLC _dEG-ScBUE |
||
| 082 | 0 | 4 |
_222 _a627.98 _bBAI |
| 100 | 1 |
_aBai, Yong. _937847 |
|
| 245 | 1 | 0 |
_aSubsea engineering handbook / _cYong Bai, Qiang Bai. |
| 260 |
_aWaltham ; _aOxford : _bGulf Professional Publisher / Elsevier, _cc.2012. |
||
| 300 |
_axxxvi, 919 p. : _bill. ; _c24 cm. |
||
| 504 | _aIncludes bibliographical references and index. | ||
| 650 | 0 |
_aOffshore structures _vHandbooks, manuals, etc. _2BUEsh |
|
| 650 | 0 |
_aOffshore oil well drilling _vHandbooks, manuals, etc. _2BUEsh |
|
| 651 | _2BUEsh | ||
| 653 |
_bENGPET _cJanuary2017 |
||
| 700 | 1 |
_aBai, Qiang. _937844 |
|
| 942 | _2ddc | ||
| 999 |
_c23852 _d23824 |
||